La responsabilidad laboral solidaria del socio no administrador en el caso de trasvasamiento de sociedades / (Registro nro. 5254)
[ vista simple ]
| 000 -LEADER | |
|---|---|
| fixed length control field | 01474nab a22002297a 4500 |
| 003 - CONTROL NUMBER IDENTIFIER | |
| control field | OSt |
| 005 - DATE AND TIME OF LATEST TRANSACTION | |
| control field | 20260202203855.0 |
| 008 - FIXED-LENGTH DATA ELEMENTS--GENERAL INFORMATION | |
| fixed length control field | 190506c xxu||||| |||| 00| 0 spa d |
| 040 ## - CATALOGING SOURCE | |
| Transcribing agency | PJ |
| 100 ## - MAIN ENTRY--PERSONAL NAME | |
| 9 (RLIN) | 6307 |
| Personal name | Cayzac, Hugo Fernando |
| 245 10 - TITLE STATEMENT | |
| Title | La responsabilidad laboral solidaria del socio no administrador en el caso de trasvasamiento de sociedades / |
| Statement of responsibility, etc | Hugo Fernando Cayzac. |
| 260 ## - PUBLICATION, DISTRIBUTION, ETC. (IMPRINT) | |
| Place of publication, distribution, etc | Buenos Aires : |
| Name of publisher, distributor, etc | AbeledoPerrot, |
| Date of publication, distribution, etc | 2023. |
| 300 ## - PHYSICAL DESCRIPTION | |
| Extent | p. 34-42 |
| 500 ## - GENERAL NOTE | |
| General note | Cita Online: AR/DOC/652/2023. |
| 505 ## - FORMATTED CONTENTS NOTE | |
| Formatted contents note | Sumario: I. Introducción.— II. Delimitación del concepto “conflicto intrasindical”.— III. El procedimiento y la competencia para resolver los conflictos intrasindicales.— IV. Los valores implicados.— V. El problema. El régimen disciplinario.— VI. La Jurisprudencia frente a estos conflictos.— VII. La situación en la Provincia de Tierra del Fuego.— VIII. Conclusión.— IX. Bibliografía |
| 505 ## - FORMATTED CONTENTS NOTE | |
| Title | ¿Te interesa el texto completo? Comunicate al correo: koha@justierradelfuego.gov.ar |
| 650 #0 - SUBJECT ADDED ENTRY--TOPICAL TERM | |
| 9 (RLIN) | 1602 |
| Topical term or geographic name as entry element | DERECHO COMERCIAL |
| 650 #0 - SUBJECT ADDED ENTRY--TOPICAL TERM | |
| 9 (RLIN) | 646 |
| Topical term or geographic name as entry element | SOCIEDADES COMERCIALES |
| 773 0# - HOST ITEM ENTRY | |
| Host Biblionumber | 2751 |
| Host Itemnumber | 3202 |
| Place, publisher, and date of publication | Buenos Aires : AbeledoPerrot, 2013- |
| Title | Revista de derecho laboral y seguridad social. Nº 9 - Mayo 2023 |
| 856 ## - ELECTRONIC LOCATION AND ACCESS | |
| Uniform Resource Identifier | <a href="https://www.justierradelfuego.gov.ar/wp-content/uploads/2024/09/La-responsabilidad-laboral-solidaria-del-socio-no-administrador-en-el-caso-de-trasvasamiento-de-sociedades.pdf">https://www.justierradelfuego.gov.ar/wp-content/uploads/2024/09/La-responsabilidad-laboral-solidaria-del-socio-no-administrador-en-el-caso-de-trasvasamiento-de-sociedades.pdf</a> |
| Link text | Acceso al texto completo |
| 942 ## - ADDED ENTRY ELEMENTS (KOHA) | |
| Source of classification or shelving scheme | |
| Koha item type | Analítica Artículo de Revista |
No hay ítems disponibles.
